Concise dictionary of physics and related subjects /

Guardado en:
Autor Principal: Thewlis, James, 1905-
Formato: Libro
Idioma:English
Publicado: Oxford : Pergamon Press, 1979.
Edición:2nd ed., rev. and enl.
Materias:
Etiquetas: Agregar Etiqueta
Sin Etiquetas, Sea el primero en etiquetar este registro!
LEADER 00650pam a2200217 a 4500
001 MAT.inmabb002779
008 790604s1979####enk######d####000#0#eng##
005 20130312121229.0
245 1 0 |a Concise dictionary of physics and related subjects /  |c J. Thewlis. 
250 |a 2nd ed., rev. and enl. 
260 |a Oxford :  |b Pergamon Press,  |c 1979. 
300 |a ix, 370 p. ;  |c 26 cm. 
510 4 |a MR,  |c 80h:00002 
020 |a 0080230482 
020 |z 0080230483 
100 1 |a Thewlis, James,  |d 1905- 
650 0 |a Physics  |x Dictionaries. 
084 |a 00A20  |2 msc2000 
010 |a  79040209  
040 |a DLC  |c DLC  |d DLC 
859 |h 00A20  |i T419  |p A-5224  |b BIB. MATEMATICA